<?xml version="1.0" encoding="UTF-8"?><marc:collection xmlns:marc="http://www.loc.gov/MARC21/slim">
  <marc:record>
    <marc:leader>00000nam  2200000za 4500</marc:leader>
    <marc:controlfield tag="001">9.620890</marc:controlfield>
    <marc:controlfield tag="003">CaOODSP</marc:controlfield>
    <marc:controlfield tag="005">20210615104146</marc:controlfield>
    <marc:controlfield tag="007">ta</marc:controlfield>
    <marc:controlfield tag="008">150406|1993||||xxc|||||     f|0| 0 fre d</marc:controlfield>
    <marc:datafield tag="020" ind1=" " ind2=" ">
      <marc:subfield code="a">0-660-94275-5</marc:subfield>
    </marc:datafield>
    <marc:datafield tag="040" ind1=" " ind2=" ">
      <marc:subfield code="a">CaOODSP</marc:subfield>
      <marc:subfield code="b">fre</marc:subfield>
    </marc:datafield>
    <marc:datafield tag="043" ind1=" " ind2=" ">
      <marc:subfield code="a">n-cn---</marc:subfield>
    </marc:datafield>
    <marc:datafield tag="086" ind1="1" ind2=" ">
      <marc:subfield code="a">Z1-1991/1-11-4F</marc:subfield>
    </marc:datafield>
    <marc:datafield tag="110" ind1="1" ind2=" ">
      <marc:subfield code="a">Canada.</marc:subfield>
      <marc:subfield code="b">Commissions royales. </marc:subfield>
      <marc:subfield code="b">Commission royale sur les peuples autochtones.</marc:subfield>
    </marc:datafield>
    <marc:datafield tag="245" ind1="1" ind2="0">
      <marc:subfield code="a">Sur la chemin de la guérison : </marc:subfield>
      <marc:subfield code="b">rapport de la Table ronde nationale sur la santé et les questions sociales / </marc:subfield>
      <marc:subfield code="c">par Louis T. Montour, Président. </marc:subfield>
    </marc:datafield>
    <marc:datafield tag="260" ind1=" " ind2=" ">
      <marc:subfield code="a">Ottawa - Ontario : </marc:subfield>
      <marc:subfield code="b">Commissions royales. </marc:subfield>
      <marc:subfield code="c">1993.</marc:subfield>
    </marc:datafield>
    <marc:datafield tag="300" ind1=" " ind2=" ">
      <marc:subfield code="a">373p. : </marc:subfield>
      <marc:subfield code="b">graphiques, références, tableaux ; </marc:subfield>
      <marc:subfield code="c">25 cm.</marc:subfield>
    </marc:datafield>
    <marc:datafield tag="490" ind1="1" ind2=" ">
      <marc:subfield code="a">[Rapports et comptes rendus des tables rondes nationales]</marc:subfield>
    </marc:datafield>
    <marc:datafield tag="500" ind1=" " ind2=" ">
      <marc:subfield code="a">«Le présent document a été commandé par la Commission royale sur les peuples autochtones (CRPA) à titre de résumé des travaux de la Table ronde nationale sur la santé et les questions sociales, tenue à Vancouver du 10 au 12 mars 1993.»--Page 7. Sommaire: Introduction.--Compte rendu du rapporteur.--Mémoires.--Quatre initiatives sociales communautaires.--Quatre initiatives médicales communautaires.--Allocutions.--Résumé des délibérations.--Annexes: Programme; Participants et observateurs.</marc:subfield>
    </marc:datafield>
    <marc:datafield tag="520" ind1="3" ind2=" ">
      <marc:subfield code="a">Donne un aperçu des questions de santé en milieu autochtone et parle des sujets suivants : santé communautaire, violence familiale, suicide chez les jeunes, toxicomanie, syndrome d'alcoolisme foetal, sida et incapacité. Il y est aussi question de l'impact du transfert de la responsabilité des services de santé autochtone du gouvernement fédéral à d'autres gouvernements et d'un certain nombre de réussites communautaires sur le plan social et en matière de santé.</marc:subfield>
    </marc:datafield>
    <marc:datafield tag="563" ind1=" " ind2=" ">
      <marc:subfield code="a">Couverture souple</marc:subfield>
    </marc:datafield>
    <marc:datafield tag="590" ind1=" " ind2=" ">
      <marc:subfield code="a">93-29</marc:subfield>
      <marc:subfield code="b">1993-07-23</marc:subfield>
    </marc:datafield>
    <marc:datafield tag="691" ind1="0" ind2="7">
      <marc:subfield code="a">Autochtones</marc:subfield>
      <marc:subfield code="2">gcpds</marc:subfield>
    </marc:datafield>
    <marc:datafield tag="691" ind1="0" ind2="7">
      <marc:subfield code="a">Santé</marc:subfield>
      <marc:subfield code="2">gcpds</marc:subfield>
    </marc:datafield>
    <marc:datafield tag="691" ind1="0" ind2="7">
      <marc:subfield code="a">Conditions sociales</marc:subfield>
      <marc:subfield code="2">gcpds</marc:subfield>
    </marc:datafield>
    <marc:datafield tag="720" ind1="1" ind2=" ">
      <marc:subfield code="a">Montour, Louis T.</marc:subfield>
    </marc:datafield>
    <marc:datafield tag="775" ind1="0" ind2="8">
      <marc:subfield code="t">The path to healing : </marc:subfield>
      <marc:subfield code="w">(CaOODSP)9.608865</marc:subfield>
    </marc:datafield>
    <marc:datafield tag="776" ind1="0" ind2="#">
      <marc:subfield code="t">Sur le chemin de la guérison </marc:subfield>
      <marc:subfield code="w">(CaOODSP)9.830083</marc:subfield>
    </marc:datafield>
    <marc:datafield tag="830" ind1="#" ind2="0">
      <marc:subfield code="a">[Rapports et comptes rendus des tables rondes nationales]</marc:subfield>
      <marc:subfield code="w">(CaOODSP)9.513276</marc:subfield>
    </marc:datafield>
  </marc:record>
</marc:collection>
